000 00584nam a22001937a 4500
999 _c22437
_d22437
003 OSt
005 20220704095150.0
008 180228s2017 pe 000 0 spa
020 _a9786124814907
040 _cBiblioteca Municipal de Cusco
082 _a869.56/Z97P7
_bZ97P7
100 _aZuzunaga Huaita, Sócrates
_d1954-
_948176
245 _aEl primer amor nunca se olvida /
_cSócrates Zuzunaga
250 _aPrimera edición
260 _aLima :
_bQuimérica,
_c2019.
300 _a95 páginas. :
_c21 cm.
650 _aNovelas peruanas
_xSiglo XX
_948177
942 _2ddc
_cLIBROS